000 01309nam a22003617a 4500
003 CHAP
005 20250903062744.0
008 971013s1992 r 00010 d
010 _a50613
011 _a51585
035 _a55735
040 _cCHAP
090 _aTesis
100 0 0 _aPlata Pérez, Fernando Xicoténcatl.
_989120
245 _aEfecto de un probiótico (Saccharomyces cerevisiae) en la fermentación rumial, digestibilidad in situ y el consumo en bovinos alimentado con tres niveles de paja de avena
260 _aMontecillo, Méx. :
_bEl autor,
_c1992
300 _a92 h.
502 _aTesis (M.C. Esp. en Ganadería) -- CP. Centro de Ganadería
590 _aALEPH
_b10
_c20130110
_lUCH01
_h1325
590 _aBATCH-UPD
_b10
_c20130110
_lUCH01
_h0536
590 _aBATCH-UPD
_b10
_c20130110
_lUCH01
_h2356
590 _aBATCH-UPD
_b10
_c20130410
_lUCH01
_h0216
590 _aBATCH-UPD
_b10
_c20130914
_lUCH01
_h1357
590 _aCONVERSION
_b10
_c20130109
_lUCH01
_h1327
650 1 4 _aFermentación.
_940083
650 1 7 _aForrajes
_xDigestibilidad
_2
_942568
650 1 4 _aPaja de avena.
_984771
650 1 7 _aSaccharomyces cerevisiae
_2
_9101125
901 _aBK
942 _cFOLL
949 _bBC
_cTES
_d-122139
_eTS1
_h25824
_i55735
_si
949 _bBC
_cTES
_d-122140
_eTS2
_fc.2
_h25825
_i55735
_si
999 _c50613
_d50613